Slipknot Songs - Statistics

General Stats
  • This quiz has been taken 5,953 times
    4,071 since last reset
  • The average score is 42 of 95
Answer Stats
Answer % Correct
Duality
84%
Eyeless
83%
Psychosocial
83%
Wait and Bleed
83%
(sic)
80%
People = Shit
79%
Iowa
73%
Before I Forget
72%
The Devil in I
72%
Vermilion
72%
Spit It Out
70%
Custer
69%
Unsainted
67%
Disasterpiece
66%
Vermilion Pt. 2
66%
Snuff
65%
Nero Forte
63%
Surfacing
63%
Scissors
62%
The Heretic Anthem
62%
All Hope Is Gone
61%
Sulfur
61%
Left Behind
59%
Dead Memories
55%
Killpop
53%
Liberate
51%
Pulse of the Maggots
51%
(515)
50%
Eeyore
50%
My Plague
50%
The Blister Exists
48%
Yen
48%
Tattered and Torn
47%
Prosthetics
44%
Everything Ends
42%
Gematria (The Killing Name)
42%
No Life
42%
Spiders
42%
AOV
41%
Circle
41%
Diluted
41%
Solway Firth
41%
Me Inside
40%
Only One
40%
XIX
40%
742617000027
39%
Metabolic
39%
Skin Ticket
39%
The Dying Song (Time to Sing)
39%
The Nameless
39%
Vendetta
39%
Gently
38%
New Abortion
38%
The Negative One
38%
Adderall
37%
Gehenna
37%
I Am Hated
37%
Prelude 3.0
37%
Three Nil
37%
Insert Coin
36%
The Shape
36%
Butcher's Hook
35%
.execute.
35%
Opium of the People
35%
Orphan
35%
Red Flag
35%
The Chapeltown Rag
35%
Critical Darling
34%
Danger - Keep Away
34%
Sarcastrophe
33%
Welcome
33%
Hive Mind
32%
Skeptic
32%
Birth of the Cruel
30%
Nomadic
30%
The Virus of Life
30%
If Rain Is What You Want
29%
Lech
29%
A Liar's Funeral
28%
Finale
28%
Goodbye
28%
This Cold Black
28%
H377
27%
Death Because of Death
25%
Not Long for This World
25%
Warranty
25%
The One That Kills the Least
24%
Wherein Lies Continue
24%
Acidic
23%
De Sade
23%
Be Prepared for Hell
22%
Heirloom
22%
Medicine for the Dead
22%
My Pain
22%
What's Next
21%
No matching quizzes found
Score Distribution
Percent of People with Each Score
Percentile by Number Answered
Your Score History
You have not taken this quiz since the last reset